UBT Library

Corporate financial Strategy And Decision Making To Increade Sharehoider Value (Record no. 47799)

000 -LEADER
fixed length control field 00359nam a22001337a 4500
008 - FIXED-LENGTH DATA ELEMENTS--GENERAL INFORMATION
fixed length control field 180914b xxu||||| |||| 00| 0 eng d
020 ## - INTERNATIONAL STANDARD BOOK NUMBER
International Standard Book Number 9781883249670
041 ## - LANGUAGE CODE
Language code of text/sound track or separate title eng
080 ## - UNIVERSAL DECIMAL CLASSIFICATION NUMBER
Universal Decimal Classification number 336
100 ## - Rafti
Rafti 57
101 ## - Shkurtesa
Shkurtesa FIN
245 ## - TITLE STATEMENT
Title Corporate financial Strategy And Decision Making To Increade Sharehoider Value
Statement of responsibility, etc Bierman,H
942 ## - ADDED ENTRY ELEMENTS (KOHA)
Source of classification or shelving scheme
Item type Books
Holdings
Withdrawn status Lost status Source of classification or shelving scheme Damaged status Not for loan Collection code Permanent location Current location Shelving location Date acquired Total Checkouts Full call number Barcode Date last seen Price effective from Koha item type
          Koleksioni i përgjithshem UBT - Lipjan UBT - Lipjan Koleksioni i përgjithshem 09/14/2018   336 BIE 002-3012610 09/14/2018 09/14/2018 Books
UBT Library © 2015-2024. All rights reserved University Education for Business and Technology